7 Wonders of the Modern World Quiz Stats

 Plays Quiz not verified by Sporcle

Support Sporcle.
Go Orange.
Score 0/7 Timer 03:00
0 Plays Today
Contry Wonder's name % Correct
1- ChinaGreat Wall of China
92.8%
4- IndiaTaj Mahal
74.9%
3- JordanPetra
47.8%
5- BrazilChrist the Redeemer
45.2%
6- ItalyColosseum
42.1%
2- MexicoChichen Itza
40.6%
7- PeruMachu Picchu
38%

You're not logged in!

Compare scores with friends on all Sporcle quizzes.
OR
Log In

From the Vault

CBS Shows by Cast Photo II

by THEJMAN

It might be tough to get the entire cast of Survivor into one photo.
Remove Ads.
Support Sporcle.
Get the best of Sporcle when you Go Orange. This ad-free experience offers more features, more stats, and more fun while also helping to support Sporcle. Thank you for becoming a member.

Show Comments

Extras

Top Quizzes Today


Score Distribution

Your Account Isn't Verified!

In order to create a playlist on Sporcle, you need to verify the email address you used during registration. Go to your Sporcle Settings to finish the process.

Report this User

Report this user for behavior that violates our Community Guidelines.

Details: